000 00330nam a2200145Ia 4500
005 20251222141805.0
008 251222s9999||||xx |||||||||||||| ||spa||
020 _a968-880-447-9
082 _a658/R71
100 _aRobbins,Stephen P.
245 0 _aAdministración:
250 _a4a.ed.
264 _bPrentice Hall
942 _cLIB
999 _c6288
_d6288